Enduring colonialism : (Record no. 26886)

MARC details
000 -LEADER
fixed length control field 01299nam a22003375a 4500
005 - DATE AND TIME OF LATEST TRANSACTION
control field 2009052801051.0
008 - FIXED-LENGTH DATA ELEMENTS--GENERAL INFORMATION
fixed length control field 090224s2009 ii b 001 0 eng d
010 ## - LCCN (DPL NO)
LC control number ENG-93778
020 ## - INTERNATIONAL STANDARD BOOK NUMBER
International Standard Book Number 019569936X
Terms of availability 545.00
020 ## - INTERNATIONAL STANDARD BOOK NUMBER
International Standard Book Number 9780195699364
Terms of availability 545.00
035 ## - SYSTEM CONTROL NUMBER
System control number EN-77311
037 ## - SOURCE OF ACQUISITION
Stock number DBAD / PUB
040 ## - CATALOGING SOURCE
Original cataloging agency dpl
Language of cataloging English
082 ## - DEWEY DECIMAL CLASSIFICATION NUMBER
Classification number 181.4
100 ## - MAIN ENTRY--PERSONAL NAME
Personal name Raghuramaraju, A.
245 ## - TITLE STATEMENT
Title Enduring colonialism :
Remainder of title classical presences and modern absences in Indian philosophy /
Statement of responsibility, etc by A. Raghuramaraju
260 ## - PUBLICATION, DISTRIBUTION, ETC. (IMPRINT)
Place of publication, distribution, etc New Delhi
Name of publisher, distributor, etc Oxford University Press
Date of publication, distribution, etc 2009
270 ## - ADDRESS
Address YMCA Library Building, Jai Singh Road,
City New Delhi
Postal code 110001
300 ## - PHYSICAL DESCRIPTION
Extent x, 153 p. ;
Dimensions 23cm(Hb)
500 ## - GENERAL NOTE
General note Articles; some previously published.
500 ## - GENERAL NOTE
General note Includes index.
504 ## - BIBLIOGRAPHY, ETC. NOTE
Bibliography, etc Includes bibliographical references
520 ## - SUMMARY, ETC.
Summary, etc Chiefly on Desire and libearion by Vaddera Chandidas, b. 1938.
600 ## - SUBJECT ADDED ENTRY--PERSONAL NAME
Personal name Chandidas, Vaddera,
Title of a work Desire and liberation.
650 ## - SUBJECT ADDED ENTRY--TOPICAL TERM
Topical term or geographic name as entry element Reality.
650 ## - SUBJECT ADDED ENTRY--TOPICAL TERM
Topical term or geographic name as entry element Metaphysics.
650 ## - SUBJECT ADDED ENTRY--TOPICAL TERM
Topical term or geographic name as entry element Philosophy, Indic.
650 ## - SUBJECT ADDED ENTRY--TOPICAL TERM
Topical term or geographic name as entry element Existentialism.
942 ## - ADDED ENTRY ELEMENTS (KOHA)
Source of classification or shelving scheme Dewey Decimal Classification
Item type English Books
Classification part 181.4
Call number suffix RAG
Holdings
Withdrawn status Lost status Source of classification or shelving scheme Damaged status Not for loan Collection code Home library Current library Date acquired Source of acquisition Cost, normal purchase price Total Checkouts Full call number Barcode Date last seen Copy number Cost, replacement price Koha item type
    Dewey Decimal Classification   Not For Loan Non-fiction D.B.Act.Division D.B.Act.Division 28/05/2009 DBAD / PUB 545.00   181.4 RAG EN-77311 28/05/2009 1 545.00 English Books

© Delhi Public Library
Hit Counter
free hit counter